[Event "SVK-chT 2324"]
[Site "Slovakia"]
[Date "2023.11.05"]
[Round "2.1"]
[White "Kostolansky, Sebastian Lukas"]
[Black "Turcan, Richard"]
[Result "1-0"]
[WhiteElo "2427"]
[BlackElo "2406"]
[PlyCount "73"]
[EventDate "2023.11.04"]
[EventType "team-tourn"]
[EventRounds "11"]
[EventCountry "SVK"]
[SourceTitle "Mega2024 Update 01"]
[Source "Chessbase"]
[SourceDate "2023.11.12"]
[SourceVersion "1"]
[SourceVersionDate "2023.11.12"]
[SourceQuality "1"]
[WhiteTeam "Bratislava Slovan"]
[BlackTeam "Levice"]
[WhiteTeamCountry "SVK"]
[BlackTeamCountry "SVK"]

1. e4 c5 2. Nf3 Nc6 3. Bb5 e6 4. 0-0 Nge7 5. Re1 a6 6. Bf1 b6 7. c3 d5 8. exd5 Nxd5 9. d4 cxd4 10. Nxd4 Bb7 11. Nxc6 Bxc6 12. Nd2 Be7 13. Nf3 0-0 14. Ne5 Bb7 15. Qh5 Qc7 16. Bd3 g6 17. Qe2 Bf6 18. Bd2 Rfd8 19. Rad1 b5 20. Bc2 Bg7 21. h4 Rac8 22. Bb3 a5 23. a3 Ba8 24. h5 Qb7 25. Nf3 Qc7 26. hxg6 hxg6 27. Ne5 Qb7 28. Qg4 Nf6 29. Qh3 a4 30. Ba2 Ne4 31. Nxf7 Nxf2 32. Kxf2 Qxf7+ 33. Kg1 Bd5 34. Bg5 Re8 35. Rf1 Qa7+ 36. Be3 Qe7 37. Rxd5 1-0

[Event "SVK-chT 2324"]
[Site "Slovakia"]
[Date "2023.11.04"]
[Round "1.1"]
[White "Sahidi, Samir"]
[Black "Kostolansky, Sebastian Lukas"]
[Result "1/2-1/2"]
[WhiteElo "2464"]
[BlackElo "2427"]
[PlyCount "83"]
[EventDate "2023.11.04"]
[EventType "team-tourn"]
[EventRounds "11"]
[EventCountry "SVK"]
[SourceTitle "Mega2024 Update 01"]
[Source "Chessbase"]
[SourceDate "2023.11.12"]
[SourceVersion "1"]
[SourceVersionDate "2023.11.12"]
[SourceQuality "1"]
[WhiteTeam "Cebovce"]
[BlackTeam "Bratislava Slovan"]
[WhiteTeamCountry "SVK"]
[BlackTeamCountry "SVK"]

1. d4 Nf6 2. c4 e6 3. Nf3 d5 4. Nc3 c6 5. e3 Nbd7 6. Qc2 Bd6 7. Be2 0-0 8. 0-0 b6 9. b3 Bb7 10. Bb2 Qe7 11. e4 Nxe4 12. Nxe4 dxe4 13. Qxe4 f5 14. Qe3 c5 15. Rad1 Rad8 16. Ng5 Rde8 17. dxc5 Nxc5 18. Bf3 f4 19. Qc3 Qxg5 20. Rxd6 e5 21. h3 Bxf3 22. Qxf3 e4 23. Qg4 Qxg4 24. hxg4 e3 25. Rd5 e2 26. Re1 Re6 27. Ba3 f3 28. Bxc5 bxc5 29. Rd3 fxg2 30. Kxg2 Rf4 31. Rd8+ Kf7 32. f3 Rd4 33. Rc8 Rd2 34. Rc7+ Re7 35. Rxc5 Rxa2 36. Kf2 a5 37. Rb5 a4 38. bxa4 Rxa4 39. Rf5+ Kg6 40. Rxe2 Rxe2+ 41. Kxe2 Rxc4 42. Kf2 1/2-1/2

[Event "CZE-chT 2324"]
[Site "Czech Republic"]
[Date "2023.10.14"]
[Round "1.3"]
[White "Kostolansky, Sebastian Lukas"]
[Black "Hrbek, Stepan"]
[Result "1/2-1/2"]
[WhiteElo "2425"]
[BlackElo "2425"]
[PlyCount "110"]
[EventDate "2023.10.14"]
[EventType "team-tourn"]
[EventRounds "11"]
[EventCountry "CZE"]
[SourceTitle "Mega2024 Update 01"]
[Source "Chessbase"]
[SourceDate "2023.11.12"]
[SourceVersion "1"]
[SourceVersionDate "2023.11.12"]
[SourceQuality "1"]
[WhiteTeam "Praha Dopravni Podnik"]
[BlackTeam "Hostalkova"]
[WhiteTeamCountry "CZE"]
[BlackTeamCountry "CZE"]

1. e4 c5 2. Nf3 Nc6 3. Bb5 g6 4. 0-0 Bg7 5. c3 e5 6. d4 cxd4 7. cxd4 exd4 8. Bf4 a6 9. Bc4 d6 10. Qb3 Na5 11. Bxf7+ Ke7 12. Qd5 Nf6 13. Bg5 Nc6 14. Qb3 Na5 15. Qd5 Rf8 16. e5 dxe5 17. Qxd8+ Rxd8 18. Nxe5 Rf8 19. Bd2 Nc6 20. Nxc6+ Kxf7 21. Nxd4 Rd8 22. Nf3 Ne4 23. Bc3 Nxc3 24. Nxc3 Bf5 25. Rfe1 Re8 26. h3 b5 27. a3 h6 28. Rad1 Rxe1+ 29. Rxe1 Re8 30. Rd1 Re7 31. Nd4 Bc8 32. Nc6 Rd7 33. Re1 Bb7 34. Ne5+ Bxe5 35. Rxe5 Rd2 36. Re2 Rxe2 37. Nxe2 Ke6 38. f3 Kd5 39. Kf2 Kc4 40. Nc1 g5 41. Ke3 a5 42. g3 Bc8 43. g4 b4 44. axb4 axb4 45. f4 gxf4+ 46. Kxf4 Kd4 47. h4 Bd7 48. h5 Be8 49. g5 hxg5+ 50. Kxg5 Bxh5 51. Kxh5 Ke3 52. Na2 Kd3 53. Nxb4+ Kc4 54. Nc6 Kb3 55. Nd4+ Kxb2 1/2-1/2

[Event "SVK-ch"]
[Site "Bratislava"]
[Date "2023.07.06"]
[Round "6"]
[White "Sahidi, Samir"]
[Black "Kostolansky, Sebastian Lukas"]
[Result "1-0"]
[WhiteElo "2505"]
[BlackElo "2407"]
[PlyCount "109"]
[EventDate "2023.07.01"]
[EventType "tourn"]
[EventRounds "9"]
[EventCountry "SVK"]
[EventCategory "9"]
[SourceTitle "CBM 215 Extra"]
[Source "ChessBase"]
[SourceDate "2023.09.30"]
[SourceVersion "1"]
[SourceVersionDate "2023.09.30"]
[SourceQuality "1"]

1. d4 Nf6 2. c4 e6 3. Nf3 d5 4. g3 Be7 5. Bg2 0-0 6. Nbd2 c6 7. 0-0 b6 8. Qc2 c5 9. cxd5 exd5 10. Ne5 Bb7 11. Ndf3 Nbd7 12. Bf4 Nxe5 13. Nxe5 cxd4 14. Rad1 Nh5 15. Bc1 Rc8 16. Qd3 Qc7 17. Nf3 Qc4 18. Qxc4 dxc4 19. Nxd4 Bxg2 20. Kxg2 Rfe8 21. Nb5 Bc5 22. Kf3 Rc6 23. Nxa7 Rf6+ 24. Kg4 g6 25. e3 Ra8 26. Rd7 Re6 27. Rb7 Nf6+ 28. Kf3 Nd5 29. a3 Re7 30. Rxe7 Nxe7 31. Nb5 Nc6 32. Bd2 Ne5+ 33. Ke2 Bf8 34. Bc3 Nd3 35. b3 Bg7 36. bxc4 Bxc3 37. Kxd3 Bf6 38. Rd1 Kf8 39. Kc2 Ke7 40. Kb3 Ra5 41. Rd5 Bg7 42. e4 Ra8 43. Rd6 Rd8 44. Rxd8 Kxd8 45. c5 bxc5 46. Kc4 h5 47. Kxc5 h4 48. Kc6 Bf8 49. gxh4 Be7 50. h5 gxh5 51. Nd6 Bh4 52. f3 f6 53. Nf5 Bf2 54. Kd6 h4 55. h3 1-0

[Event "SVK-chT1W 2223"]
[Site "Slovakia"]
[Date "2023.02.04"]
[Round "8.1"]
[White "Sipos, Istvan"]
[Black "Kostolansky, Sebastian Lukas"]
[Result "1-0"]
[WhiteElo "2460"]
[BlackElo "2395"]
[PlyCount "59"]
[EventDate "2022.10.15"]
[EventType "team-tourn"]
[EventRounds "11"]
[EventCountry "SVK"]
[SourceTitle "EXT 2024"]
[Source "ChessBase"]
[SourceDate "2023.10.10"]
[SourceVersion "1"]
[SourceVersionDate "2023.10.10"]
[SourceQuality "1"]
[WhiteTeam "Gabcikovo MSK"]
[BlackTeam "Bratislava Slovan II"]
[WhiteTeamCountry "SVK"]
[BlackTeamCountry "SVK"]

1. d4 Nf6 2. c4 e6 3. Nc3 Bb4 4. e3 c5 5. Bd3 0-0 6. Nge2 d5 7. cxd5 cxd4 8. exd4 Nxd5 9. 0-0 Nc6 10. Nxd5 exd5 11. Nf4 Bd6 12. Re1 Qf6 13. Nxd5 Qxd4 14. Be3 Qg4 15. Be2 Qf5 16. Bd3 Qg4 17. h3 Qh4 18. Rc1 Ne5 19. Bf1 Bf5 20. Bc5 Bxc5 21. Rxc5 Rae8 22. Re3 Nc6 23. Qe1 Rxe3 24. Qxe3 Be6 25. a3 Rd8 26. Nf4 Bd7 27. Rd5 Bc8 28. g3 Qf6 29. Nh5 Qe6 30. Qg5 1-0

[Event "SVK-chT 2223"]
[Site "Slovakia"]
[Date "2023.01.22"]
[Round "6.1"]
[White "Kostolansky, Sebastian Lukas"]
[Black "Kraus, Tomas"]
[Result "1/2-1/2"]
[WhiteElo "2398"]
[BlackElo "2479"]
[PlyCount "120"]
[EventDate "2022.10.22"]
[EventType "team-tourn"]
[EventRounds "11"]
[EventCountry "SVK"]
[SourceTitle "EXT 2024"]
[Source "ChessBase"]
[SourceDate "2023.10.10"]
[SourceVersion "1"]
[SourceVersionDate "2023.10.10"]
[SourceQuality "1"]
[WhiteTeam "Bratislava Slovan"]
[BlackTeam "Podhajska Aquamarin"]
[WhiteTeamCountry "SVK"]
[BlackTeamCountry "SVK"]

1. e4 c5 2. Nf3 Nc6 3. Bb5 e5 4. Nc3 d6 5. d3 Be7 6. a4 Nf6 7. a5 a6 8. Bxc6+ bxc6 9. 0-0 0-0 10. Nd2 d5 11. b3 Be6 12. Bb2 Nd7 13. Qf3 d4 14. Nd5 f6 15. Nxe7+ Qxe7 16. Qg3 Rab8 17. f4 exf4 18. Qxf4 Ne5 19. Nf3 Qd6 20. Nxe5 fxe5 21. Qg5 Rxf1+ 22. Rxf1 Bf7 23. Bc1 Re8 24. Ba3 h6 25. Qf5 Bg6 26. Bxc5 Bxf5 27. Bxd6 Bg6 28. Kf2 Re6 29. Bc7 Re7 30. Bd6 Re6 31. Bc5 Rf6+ 32. Ke1 Rxf1+ 33. Kxf1 Kf7 34. Ke1 Kf6 35. Kd2 h5 36. h3 Bf7 37. Bd6 g5 38. Kc1 Be6 39. Bc7 Bd7 40. Bd8+ Kg6 41. Kb2 g4 42. h4 g3 43. c3 Bh3 44. cxd4 exd4 45. Bc7 Bxg2 46. Bxg3 Bf1 47. Kc2 Kf6 48. Bd6 Ke6 49. Bf8 Kf6 50. b4 Be2 51. Kd2 Bg4 52. Kc2 Be2 53. Kd2 Bg4 54. Ke1 Bf3 55. Kf2 Bg4 56. Bc5 Ke5 57. Bf8 Kf6 58. Bh6 Bd1 59. Ke1 Bg4 60. Kd2 Bf3 1/2-1/2

[Event "SVK-chT 2223"]
[Site "Slovakia"]
[Date "2023.01.21"]
[Round "5.1"]
[White "Sahidi, Samir"]
[Black "Kostolansky, Sebastian Lukas"]
[Result "0-1"]
[WhiteElo "2470"]
[BlackElo "2398"]
[PlyCount "124"]
[EventDate "2022.10.22"]
[EventType "team-tourn"]
[EventRounds "11"]
[EventCountry "SVK"]
[SourceTitle "EXT 2024"]
[Source "ChessBase"]
[SourceDate "2023.10.10"]
[SourceVersion "1"]
[SourceVersionDate "2023.10.10"]
[SourceQuality "1"]
[WhiteTeam "Cebovce"]
[BlackTeam "Bratislava Slovan"]
[WhiteTeamCountry "SVK"]
[BlackTeamCountry "SVK"]

1. e4 c5 2. Nf3 e6 3. d4 cxd4 4. Nxd4 Nc6 5. Nc3 Nf6 6. a3 Be7 7. Be3 0-0 8. Be2 d6 9. Qd2 Nxd4 10. Qxd4 a6 11. 0-0-0 b5 12. f4 Bb7 13. Bf3 Qc7 14. g4 Rfc8 15. g5 Nd7 16. h4 a5 17. Rh2 e5 18. Qd3 exf4 19. Nxb5 Qb8 20. Bxf4 Ba6 21. a4 Nc5 22. Qa3 Bxb5 23. axb5 Qxb5 24. Kb1 Rab8 25. Bc1 Na4 26. Rd3 Qe5 27. Rg2 Nc3+ 28. Ka1 d5 29. Qxc3 Rxc3 30. Rxc3 d4 31. Rc4 Bb4 32. Rg1 Bc3 33. Rd1 Qb5 34. Be2 Bxb2+ 35. Ka2 Qb7 36. Rc5 Bxc1 37. Rb5 Qc8 38. Rxb8 Qxb8 39. Rxc1 g6 40. Rf1 Qh2 41. Bd3 Kg7 42. e5 Qxe5 43. Bc4 Qc7 44. Bb3 Kf8 45. Rf6 d3 46. cxd3 Qh2+ 47. Ka3 Qxh4 48. Rxf7+ Ke8 49. Bc4 Qxg5 50. Rxh7 Qe5 51. Ka4 Qa1+ 52. Kb5 a4 53. Bf7+ Kf8 54. Bxg6 a3 55. Rf7+ Kg8 56. Rf2 Kg7 57. Bf7 Qe5+ 58. Kc6 Qe3 59. Rf5 Qxd3 60. Rf4 Qa6+ 61. Kc5 Qa7+ 62. Kb4 Qb8+ 0-1

[Event "SVK-chT 2223"]
[Site "Slovakia"]
[Date "2022.10.22"]
[Round "1.1"]
[White "Kostolansky, Sebastian Lukas"]
[Black "Jablonicky, Martin"]
[Result "1/2-1/2"]
[WhiteElo "2398"]
[BlackElo "2356"]
[PlyCount "71"]
[EventDate "2022.10.22"]
[EventType "team-tourn"]
[EventRounds "11"]
[EventCountry "SVK"]
[SourceTitle "EXT 2024"]
[Source "ChessBase"]
[SourceDate "2023.10.10"]
[SourceVersion "1"]
[SourceVersionDate "2023.10.10"]
[SourceQuality "1"]
[WhiteTeam "Bratislava Slovan"]
[BlackTeam "Osuske"]
[WhiteTeamCountry "SVK"]
[BlackTeamCountry "SVK"]

1. e4 e5 2. Nf3 Nf6 3. Nxe5 d6 4. Nf3 Nxe4 5. d4 d5 6. Bd3 Bd6 7. 0-0 0-0 8. c4 c6 9. Nc3 Nxc3 10. bxc3 dxc4 11. Bxc4 Bf5 12. Bg5 Qa5 13. Nh4 Be6 14. Bxe6 Qxg5 15. Nf3 Qa5 16. Bb3 Nd7 17. Qd3 Rae8 18. Rfe1 Nf6 19. g3 Qd8 20. Rad1 Rxe1+ 21. Rxe1 h6 22. Qf5 Qd7 23. Re6 Nd5 24. Bxd5 cxd5 25. Re5 Qxf5 26. Rxf5 Rc8 27. Rxd5 Rxc3 28. Rxd6 Rxf3 29. Rd8+ Kh7 30. Rd7 Ra3 31. Rxb7 Kg6 32. Rb2 Rd3 33. Rb7 Ra3 34. Rb2 Rd3 35. Rb7 Ra3 36. Rb2 1/2-1/2

[Event "SVK-chT 2122"]
[Site "Slovakia"]
[Date "2022.05.08"]
[Round "8.4"]
[White "Kostolansky, Sebastian Lukas"]
[Black "Neugebauer, Martin"]
[Result "1/2-1/2"]
[WhiteElo "2402"]
[BlackElo "2485"]
[PlyCount "116"]
[EventDate "2021.10.23"]
[EventType "team-tourn"]
[EventRounds "11"]
[EventCountry "SVK"]
[SourceTitle "EXT 2023"]
[Source "ChessBase"]
[SourceDate "2022.10.05"]
[SourceVersion "1"]
[SourceVersionDate "2022.10.05"]
[SourceQuality "1"]
[WhiteTeam "Bratislava Slovan"]
[BlackTeam "Kosice Slavia UPJS"]
[WhiteTeamCountry "SVK"]
[BlackTeamCountry "SVK"]

1. e4 c5 2. Nf3 d6 3. Bb5+ Nd7 4. 0-0 a6 5. Bd3 Ngf6 6. Re1 e6 7. c3 b5 8. Bc2 c4 9. d4 cxd3 10. Qxd3 Bb7 11. a4 Nc5 12. Qe2 bxa4 13. Be3 Nfxe4 14. Nbd2 Nxd2 15. Nxd2 Nd7 16. Bxa4 Be7 17. Nc4 0-0 18. Red1 Qc7 19. Bf4 e5 20. Nxe5 Nc5 21. Nf3 Nxa4 22. Rxa4 Rfe8 23. Qd3 a5 24. h3 Bc6 25. Rd4 Qb7 26. Rd2 h6 27. Kh2 Rad8 28. Bxd6 Be4 29. Rxe4 Bxd6+ 30. Qxd6 Qxe4 31. Qxd8 Rxd8 32. Rxd8+ Kh7 33. Rd4 Qb7 34. Rd2 g5 35. Nd4 Qe4 36. Re2 Qf4+ 37. g3 Qd6 38. Kg2 f5 39. Kg1 f4 40. g4 Qd5 41. f3 Qa2 42. Kg2 Qb1 43. Nf5 Qd1 44. Rf2 a4 45. Rf1 Qd3 46. Rf2 Kg6 47. Ne7+ Kf6 48. Ng8+ Kg7 49. Ne7 Kf7 50. Nf5 h5 51. Nd4 h4 52. Re2 Qd1 53. Re5 Qc1 54. Re2 Qb1 55. Ne6 Qd1 56. Nd4 Kf6 57. Re6+ Kf7 58. Re2 Kf6 1/2-1/2

[Event "SVK-chT 2122"]
[Site "Slovakia"]
[Date "2022.03.13"]
[Round "6.2"]
[White "Kraus, Tomas"]
[Black "Kostolansky, Sebastian Lukas"]
[Result "1/2-1/2"]
[WhiteElo "2458"]
[BlackElo "2402"]
[PlyCount "80"]
[EventDate "2021.10.23"]
[EventType "team-tourn"]
[EventRounds "11"]
[EventCountry "SVK"]
[SourceTitle "EXT 2023"]
[Source "ChessBase"]
[SourceDate "2022.10.05"]
[SourceVersion "1"]
[SourceVersionDate "2022.10.05"]
[SourceQuality "1"]
[WhiteTeam "Podhajska Aquamarin"]
[BlackTeam "Bratislava Slovan"]
[WhiteTeamCountry "SVK"]
[BlackTeamCountry "SVK"]

1. e4 c5 2. Nf3 e6 3. d4 cxd4 4. Nxd4 Nc6 5. Nb5 d6 6. c4 Nf6 7. N5c3 Be7 8. Be2 0-0 9. 0-0 b6 10. Bf4 Bb7 11. Re1 Rc8 12. Bf1 a6 13. Nd2 Ne5 14. Rc1 Qc7 15. a3 Qb8 16. b4 Bd8 17. Bg3 Bc7 18. f4 Ng6 19. Bd3 Rfd8 20. Qe2 Rd7 21. Kh1 Rcd8 22. Rcd1 Qa8 23. Rf1 d5 24. cxd5 exd5 25. e5 Ne4 26. Ndxe4 dxe4 27. Bc4 Rxd1 28. Rxd1 b5 29. Bb3 Rd3 30. Rxd3 exd3 31. Qa2 Kf8 32. Kg1 Qd8 33. Bd5 Bb6+ 34. Kf1 Qc8 35. Qd2 Bxd5 36. Nxd5 Qc2 37. Ke1 Qb1+ 38. Qd1 d2+ 39. Kxd2 Qa2+ 40. Ke1 Qxg2 1/2-1/2

[Event "SVK-chT 2122"]
[Site "Slovakia"]
[Date "2022.02.19"]
[Round "3.2"]
[White "Kostolansky, Sebastian Lukas"]
[Black "Lewtak, Damian"]
[Result "1-0"]
[WhiteElo "2402"]
[BlackElo "2379"]
[PlyCount "119"]
[EventDate "2021.10.23"]
[EventType "team-tourn"]
[EventRounds "11"]
[EventCountry "SVK"]
[SourceTitle "EXT 2023"]
[Source "ChessBase"]
[SourceDate "2022.10.05"]
[SourceVersion "1"]
[SourceVersionDate "2022.10.05"]
[SourceQuality "1"]
[WhiteTeam "Bratislava Slovan"]
[BlackTeam "Dubnica nad Vahom"]
[WhiteTeamCountry "SVK"]
[BlackTeamCountry "SVK"]

1. e4 e6 2. d4 d5 3. Nd2 c5 4. exd5 Qxd5 5. dxc5 Bxc5 6. Ngf3 Nf6 7. Bd3 b6 8. Qe2 Bb7 9. 0-0 Qh5 10. Ne4 Nxe4 11. Bxe4 Nc6 12. Rd1 Rc8 13. Rd5 e5 14. Be3 Bxe3 15. Qxe3 0-0 16. Rd7 Ba8 17. c3 Qg4 18. Rd6 Rfe8 19. h3 Qh5 20. Kh2 f5 21. Bd5+ Kh8 22. Rd7 f4 23. Qe4 Rf8 24. Re1 h6 25. Nxe5 Nxe5 26. Qxe5 Qg6 27. Rd6 Qg5 28. Qxg5 hxg5 29. Re5 Rf6 30. Rd7 Bxd5 31. Rdxd5 Rc7 32. Rxg5 Re6 33. Rge5 Rxe5 34. Rxe5 Rd7 35. Re2 g5 36. f3 Kg7 37. Kg1 Rd1+ 38. Kf2 Rc1 39. Rd2 Kf6 40. Ke2 Ke5 41. Kd3 b5 42. Re2+ Kd5 43. b3 Rd1+ 44. Rd2 Re1 45. Kc2+ Kc5 46. b4+ Kc6 47. Kd3 Re3+ 48. Kd4 Re7 49. Rc2 Kb6 50. c4 Rd7+ 51. Kc3 Rd1 52. cxb5 Kxb5 53. a4+ Kb6 54. Kc4 a6 55. a5+ Kc6 56. b5+ axb5+ 57. Kb4+ Kd5 58. Rc5+ Kd4 59. Kxb5 Rb1+ 60. Kc6 1-0

[Event "SVK-chT 2122"]
[Site "Slovakia"]
[Date "2021.10.23"]
[Round "1.1"]
[White "Michalik, Peter"]
[Black "Kostolansky, Sebastian Lukas"]
[Result "1-0"]
[WhiteElo "2566"]
[BlackElo "2402"]
[PlyCount "81"]
[EventDate "2021.10.23"]
[EventType "team-tourn"]
[EventRounds "11"]
[EventCountry "SVK"]
[SourceTitle "CBM 204 Extra"]
[Source "ChessBase"]
[SourceDate "2021.11.30"]
[SourceVersion "1"]
[SourceVersionDate "2021.11.30"]
[SourceQuality "1"]
[WhiteTeam "Modra"]
[BlackTeam "Bratislava Slovan"]
[WhiteTeamCountry "SVK"]
[BlackTeamCountry "SVK"]

1. d4 Nf6 2. Nf3 e6 3. c4 d5 4. g3 Be7 5. Bg2 0-0 6. Nc3 c6 7. 0-0 Nbd7 8. Nd2 b6 9. e4 dxe4 10. Ndxe4 Bb7 11. Bf4 Nxe4 12. Nxe4 Nf6 13. Qe2 Nxe4 14. Qxe4 Bf6 15. Rfd1 Qe7 16. c5 bxc5 17. dxc5 e5 18. Be3 Rfd8 19. b4 Rxd1+ 20. Rxd1 Rd8 21. Qc2 Qc7 22. a4 Rxd1+ 23. Qxd1 Be7 24. h4 Bc8 25. b5 cxb5 26. axb5 Bxc5 27. Qc2 Bd6 28. Qxc7 Bxc7 29. Bxa7 Bd6 30. b6 f5 31. b7 Bxb7 32. Bxb7 e4 33. Bd5+ Kf8 34. Be3 g6 35. Bh6+ Ke7 36. Bg8 Kf6 37. Kg2 Bc5 38. Bxh7 Kf7 39. h5 gxh5 40. Bxf5 h4 41. gxh4 1-0

[Event "SVK-ch"]
[Site "Podhajska"]
[Date "2021.09.26"]
[Round "6"]
[White "Kostolansky, Sebastian Lukas"]
[Black "Druska, Juraj"]
[Result "1/2-1/2"]
[WhiteElo "2402"]
[BlackElo "2501"]
[PlyCount "52"]
[EventDate "2021.09.21"]
[EventType "tourn"]
[EventRounds "9"]
[EventCountry "SVK"]
[EventCategory "8"]
[SourceTitle "CBM 204 Extra"]
[Source "ChessBase"]
[SourceDate "2021.11.30"]
[SourceVersion "1"]
[SourceVersionDate "2021.11.30"]
[SourceQuality "1"]

1. e4 e5 2. Nf3 Nc6 3. Nc3 Nf6 4. d4 exd4 5. Nxd4 Bb4 6. Nxc6 bxc6 7. Bd3 d5 8. exd5 0-0 9. 0-0 Bg4 10. f3 Bh5 11. dxc6 Qd4+ 12. Kh1 Bxc3 13. bxc3 Qxc3 14. Rb1 Bg6 15. Rb3 Qxc6 16. Bb2 Rfd8 17. Qa1 Rab8 18. Bxf6 Qxf6 19. Qxf6 gxf6 20. Ra3 c5 21. Rxa7 Bxd3 22. cxd3 Rxd3 23. Rc7 Rc3 24. Rd1 Rc2 25. h4 Rxa2 26. h5 Ra5 1/2-1/2

[Event "SVK-ch"]
[Site "Podhajska"]
[Date "2021.09.22"]
[Round "2"]
[White "Nayhebaver, Martin"]
[Black "Kostolansky, Sebastian Lukas"]
[Result "1-0"]
[WhiteElo "2485"]
[BlackElo "2402"]
[PlyCount "99"]
[EventDate "2021.09.21"]
[EventType "tourn"]
[EventRounds "9"]
[EventCountry "SVK"]
[EventCategory "8"]
[SourceTitle "CBM 204 Extra"]
[Source "ChessBase"]
[SourceDate "2021.11.30"]
[SourceVersion "1"]
[SourceVersionDate "2021.11.30"]
[SourceQuality "1"]

1. e4 c5 2. Nf3 e6 3. d4 cxd4 4. Nxd4 Nc6 5. Nc3 Qc7 6. Be3 a6 7. f4 b5 8. Nxc6 Qxc6 9. Be2 Bb7 10. Bf3 Qc7 11. Qd4 Ne7 12. 0-0-0 Nc6 13. Qb6 Qxb6 14. Bxb6 Rc8 15. e5 Nd8 16. Ne4 Bc6 17. Rd3 Be7 18. Rc3 Nb7 19. Rd1 0-0 20. Nd6 Nxd6 21. exd6 Bd8 22. Bxd8 Rfxd8 23. Bxc6 Rxc6 24. Rxc6 dxc6 25. d7 Kf8 26. Rd6 a5 27. Rxc6 Rxd7 28. Rc5 Rd5 29. Rxd5 exd5 30. Kd2 Ke7 31. Kd3 Kd6 32. Kd4 Kc6 33. b3 Kd6 34. a3 Kc6 35. g4 f6 36. c3 Kd6 37. a4 bxa4 38. bxa4 Kc6 39. c4 dxc4 40. Kxc4 g6 41. g5 f5 42. h3 Kd6 43. Kb5 Kd5 44. Kxa5 Ke4 45. Kb4 Kxf4 46. a5 Kg3 47. a6 f4 48. a7 f3 49. a8Q f2 50. Qh1 1-0

[Event "Skalica"]
[Site "Skalica"]
[Date "2021.08.27"]
[Round "7"]
[White "Mendonca, Leon Luke"]
[Black "Kostolansky, Sebastian Lukas"]
[Result "0-1"]
[WhiteElo "2537"]
[BlackElo "2394"]
[PlyCount "72"]
[EventDate "2021.08.21"]
[EventType "tourn"]
[EventRounds "9"]
[EventCountry "SVK"]
[EventCategory "10"]
[SourceTitle "CBM 204 Extra"]
[Source "ChessBase"]
[SourceDate "2021.11.30"]
[SourceVersion "1"]
[SourceVersionDate "2021.11.30"]
[SourceQuality "1"]

1. Nf3 Nf6 2. c4 e6 3. Nc3 d5 4. e3 c6 5. b3 Nbd7 6. Bb2 Bd6 7. d4 0-0 8. Bd3 e5 9. cxd5 cxd5 10. dxe5 Nxe5 11. Be2 Nxf3+ 12. Bxf3 Be5 13. 0-0 Re8 14. Qd2 Bg4 15. Rfd1 Bxf3 16. gxf3 Qc8 17. Kg2 d4 18. exd4 Bd6 19. Nb5 Qd7 20. Nxd6 Qxd6 21. d5 Nh5 22. Kh1 Nf4 23. Re1 f6 24. Re4 Nh3 25. Rae1 Red8 26. Re7 Rd7 27. Ba3 Qxd5 28. Qxd5+ Rxd5 29. Rxb7 Rg5 30. Rf1 Rd8 31. Bc5 Rxc5 32. f4 a5 33. Re1 Nxf2+ 34. Kg2 Nd3 35. Re4 Rc2+ 36. Kg3 Nc5 0-1

[Event "Skalica"]
[Site "Skalica"]
[Date "2021.08.23"]
[Round "3"]
[White "Kostolansky, Sebastian Lukas"]
[Black "Michalik, Peter"]
[Result "1/2-1/2"]
[WhiteElo "2394"]
[BlackElo "2592"]
[PlyCount "53"]
[EventDate "2021.08.21"]
[EventType "tourn"]
[EventRounds "9"]
[EventCountry "SVK"]
[EventCategory "10"]
[SourceTitle "CBM 204 Extra"]
[Source "ChessBase"]
[SourceDate "2021.11.30"]
[SourceVersion "1"]
[SourceVersionDate "2021.11.30"]
[SourceQuality "1"]

1. e4 e5 2. Nf3 Nc6 3. Nc3 Nf6 4. d4 exd4 5. Nxd4 Nxe4 6. Nxe4 Qe7 7. f3 d5 8. Nxc6 bxc6 9. Qe2 dxe4 10. Qxe4 Qxe4+ 11. fxe4 Be6 12. Be3 Bb4+ 13. c3 Ba5 14. Ba6 Rb8 15. b4 Bb6 16. Bf4 c5 17. bxc5 Bxc5 18. Bxc7 Rb2 19. 0-0-0 Rxa2 20. Rd8+ Ke7 21. Rxh8 Ra1+ 22. Kb2 Rxh1 23. Rxh7 Rd1 24. Bf4 g6 25. Bb5 Kf6 26. g4 g5 27. Kc2 1/2-1/2

[Event "Skalica"]
[Site "Skalica"]
[Date "2021.08.22"]
[Round "2"]
[White "Korobov, Anton"]
[Black "Kostolansky, Sebastian Lukas"]
[Result "1/2-1/2"]
[WhiteElo "2683"]
[BlackElo "2394"]
[PlyCount "45"]
[EventDate "2021.08.21"]
[EventType "tourn"]
[EventRounds "9"]
[EventCountry "SVK"]
[EventCategory "10"]
[SourceTitle "CBM 204 Extra"]
[Source "ChessBase"]
[SourceDate "2021.11.30"]
[SourceVersion "1"]
[SourceVersionDate "2021.11.30"]
[SourceQuality "1"]

1. e4 c5 2. Nf3 e6 3. d4 cxd4 4. Nxd4 Nc6 5. Nc3 Qc7 6. Be2 a6 7. 0-0 Nf6 8. Be3 Bb4 9. Na4 0-0 10. Nxc6 bxc6 11. Nb6 Rb8 12. Nxc8 Rfxc8 13. Bxa6 Rf8 14. Bd3 Bd6 15. g3 Rxb2 16. Bd4 Rb4 17. c3 Rb2 18. Bxf6 gxf6 19. e5 Bxe5 20. Bxh7+ Kxh7 21. Qh5+ Kg7 22. Qg4+ Kh7 23. Qh5+ 1/2-1/2

[Event "Skalica"]
[Site "Skalica"]
[Date "2021.08.21"]
[Round "1"]
[White "Kostolansky, Sebastian Lukas"]
[Black "Bernadskiy, Vitaliy"]
[Result "0-1"]
[WhiteElo "2394"]
[BlackElo "2594"]
[PlyCount "86"]
[EventDate "2021.08.21"]
[EventType "tourn"]
[EventRounds "9"]
[EventCountry "SVK"]
[EventCategory "10"]
[SourceTitle "CBM 204 Extra"]
[Source "ChessBase"]
[SourceDate "2021.11.30"]
[SourceVersion "1"]
[SourceVersionDate "2021.11.30"]
[SourceQuality "1"]

1. e4 c5 2. Nf3 d6 3. Bb5+ Nd7 4. Ba4 Ngf6 5. 0-0 a6 6. c4 e5 7. Nc3 Be7 8. d3 0-0 9. h3 Ne8 10. Be3 Nc7 11. a3 Rb8 12. Nd2 b5 13. Bc2 Bg5 14. b4 Ne6 15. Nd5 Bb7 16. Rb1 Nd4 17. bxc5 dxc5 18. Bxd4 cxd4 19. cxb5 Bxd5 20. exd5 Bxd2 21. Qxd2 axb5 22. a4 bxa4 23. Rxb8 Nxb8 24. Bxa4 Qxd5 25. f4 exf4 26. Qxf4 Na6 27. Qf5 Qxf5 28. Rxf5 Nb4 29. Bb5 g6 30. Rf4 Rd8 31. Bc4 Rd7 32. Bb5 Rb7 33. Ba4 Ra7 34. Bb3 Rd7 35. Bc4 Kg7 36. Re4 Nc2 37. Kf2 Ne3 38. Bb5 Rd5 39. Bc6 Rf5+ 40. Ke2 Nxg2 41. Rxd4 Nf4+ 42. Ke3 Nxh3 43. Bd7 Re5+ 0-1

[Event "SVK-ch Rapid"]
[Site "Modra"]
[Date "2021.06.12"]
[Round "4"]
[White "Jablonicky, Martin"]
[Black "Kostolansky, Sebastian Lukas"]
[Result "1/2-1/2"]
[WhiteElo "2298"]
[BlackElo "2393"]
[PlyCount "68"]
[EventDate "2021.06.12"]
[EventType "swiss (rapid)"]
[EventRounds "9"]
[EventCountry "SVK"]
[SourceTitle "EXT 2022"]
[Source "ChessBase"]
[SourceDate "2021.10.06"]
[SourceVersion "1"]
[SourceVersionDate "2021.10.06"]
[SourceQuality "1"]

1. e4 c5 2. a3 e6 3. b4 b6 4. Bb2 Bb7 5. Nc3 d6 6. Nf3 Nd7 7. d4 cxd4 8. Qxd4 Ngf6 9. Bd3 Be7 10. 0-0 0-0 11. Rfd1 a6 12. Ne2 Qc7 13. c4 Rac8 14. Rac1 Rfd8 15. Ng3 Qb8 16. h3 Qa8 17. Qe3 h6 18. Nd2 Re8 19. Nb3 Bd8 20. a4 a5 21. bxa5 bxa5 22. c5 dxc5 23. Bb5 Bc6 24. Nxc5 Bb6 25. Bd4 Bxb5 26. Nxd7 Bxd7 27. Bxb6 Bxa4 28. Rxc8 Qxc8 29. Ra1 Qc4 30. Qd4 Bb3 31. Qxc4 Bxc4 32. Rxa5 Rb8 33. Bd4 Nd7 34. Ra7 Bb5 1/2-1/2